Երախայրիք Ներսիսեան դպրոցի. (Record no. 223202)
[ view plain ]
| 000 -LEADER | |
|---|---|
| fixed length control field | 01091nam a2200241 u 4500 |
| 001 - CONTROL NUMBER | |
| control field | 000566650 |
| 003 - CONTROL NUMBER IDENTIFIER | |
| control field | AM-YeHGA |
| 005 - DATE AND TIME OF LATEST TRANSACTION | |
| control field | 20250617140620.0 |
| 008 - FIXED-LENGTH DATA ELEMENTS--GENERAL INFORMATION | |
| fixed length control field | 080211s1828 ||| r 000 0 arm d |
| 040 ## - CATALOGING SOURCE | |
| Original cataloging agency | AM-YeHGA |
| 090 ## - LOCALLY ASSIGNED LC-TYPE CALL NUMBER (OCLC); LOCAL CALL NUMBER (RLIN) | |
| -- | 224737 |
| 245 00 - TITLE STATEMENT | |
| Title | Երախայրիք Ներսիսեան դպրոցի. |
| 260 ## - PUBLICATION, DISTRIBUTION, ETC. | |
| Place of publication, distribution, etc. | Տփխիս : |
| Name of publisher, distributor, etc. | Ա. հ, |
| Date of publication, distribution, etc. | 1828. |
| 300 ## - PHYSICAL DESCRIPTION | |
| Extent | Գիրք ; |
| Dimensions | 23.5 սմ. |
| 500 ## - GENERAL NOTE | |
| General note | Շարվ. 11,1x15,2 սմ։ |
| 500 ## - GENERAL NOTE | |
| General note | Աստուած Զորութեանց դարձ, հայեաց յերկնից և տես . այց արա Այդւոյս այսմիկ և դարման տար սմա՝ զոր տնկեաց աջ Քո։ |
| 505 00 - FORMATTED CONTENTS NOTE | |
| Miscellaneous information | Գիրք 1 (1828, 94 էջ ) |
| -- | Գիրք 2 (1828, 56 էջ ) |
| 546 ## - LANGUAGE NOTE | |
| Language note | Գրաբար |
| 650 14 - SUBJECT ADDED ENTRY--TOPICAL TERM | |
| Topical term or geographic name entry element | Հայ գրականություն |
| Form subdivision | Ժողովածու |
| 856 41 - ELECTRONIC LOCATION AND ACCESS | |
| Uniform Resource Identifier | <a href="http://greenstone.flib.sci.am/gsdl/collect/armbook/books/erexayriq_nersisyan_dprocih1.pdf">http://greenstone.flib.sci.am/gsdl/collect/armbook/books/erexayriq_nersisyan_dprocih1.pdf</a> |
| Link text | Կարդալ առցանց Գիրք 1 |
| 856 41 - ELECTRONIC LOCATION AND ACCESS | |
| Uniform Resource Identifier | <a href="http://greenstone.flib.sci.am/gsdl/collect/armbook/books/erexayriq_nersisyan_dprocih2.pdf">http://greenstone.flib.sci.am/gsdl/collect/armbook/books/erexayriq_nersisyan_dprocih2.pdf</a> |
| Link text | Գիրք 2 |
| 942 ## - ADDED ENTRY ELEMENTS (KOHA) | |
| Source of classification or shelving scheme | Universal Decimal Classification |
| Koha item type | Գրքեր / Books |
| Withdrawn status | Lost status | Source of classification or shelving scheme | Damaged status | Not for loan | Collection | Home library | Current library | Date acquired | Serial enumeration / chronology | Total checkouts | Full call number | Barcode | Date last seen | Price effective from | Koha item type | Public note |
|---|---|---|---|---|---|---|---|---|---|---|---|---|---|---|---|---|
| Universal Decimal Classification | Rare Books Collection | Fundamental Scientific Library | Fundamental Scientific Library | 28/12/2016 | Գիրք 2 | A/463 | FL0031355 | 28/12/2016 | 28/12/2016 | Գրքեր / Books | ILL Non-Circ. | |||||
| Universal Decimal Classification | Rare Books Collection | Fundamental Scientific Library | Fundamental Scientific Library | 28/12/2016 | Գիրք 1 | A/467 | FL0031359 | 28/12/2016 | 28/12/2016 | Գրքեր / Books | ILL Non-Circ. |
ՀՀ Գիտությունների ազգային ակադեմիայի հիմնարար գիտական գրադարան = Fundamental Scientific Library of NAS RA
All site content, except where otherwise noted, is licensed under a